000 00482nam a22001457a 4500
003 NUST
082 _a200
245 _aMicroservice-Oriented Distributed framework for resource intensive workloads /
_cMuhammad Ehtisham Mubarik
264 _aIslamabad :
_bSEECS, NUST,
_c2021.
300 _a35 p. ;
650 _aMS-Computer science
_926780
700 _aSupervisor: Dr. Asad Waqar Malik
_996681
856 _uhttp://10.250.8.41:8080/xmlui/handle/123456789/28307
942 _2ddc
_cTHE
999 _c590828
_d590828